000 00900nam a2200253 i 4500
001 184324
003 ES-MaACL
005 20250831063043.0
008 150619s2002 sp ao |||| | spa d
020 _a84-395-9965-X
080 _a529.7
100 1 _aBoorstin, Daniel J.,
_d1914-2004
_930326
245 1 4 _aLos grandes descubrimientos.
_pEl tiempo /
_cDaniel J. Boorstin.
246 3 0 _aEl tiempo
260 _a[Barcelona] :
_bPlaneta DeAgostini,
_c[2002]
300 _a198 p. :
_bil. col., fot. ;
_c30 cm.
505 8 _aContiene: El tiempo celestial - Del tiempo del Sol al tiempo del reloj - El reloj misional
650 0 4 _aTiempo-
_vObras de divulgación.
_917532
650 0 4 _aCronología.
_911457
852 _aES-MaACL
_jA-13449
_9191320
_bR.150649
_cDEPO1
_dOlim: N-6449
903 _aAláez Rojo, Amadeo
_ednr
_919076
942 _2udc
_cMONOGRAFIA
999 _c184324
_d184324